[Event "PRO League Central 2017"]
[Site "chess.com INT"]
[Date "2017.01.18"]
[Round "2"]
[White "Ducarmon, Quinten"]
[Black "Kevlishvili, Robby"]
[Result "1-0"]
[WhiteTitle "IM"]
[BlackTitle "IM"]
[WhiteElo "2468"]
[BlackElo "2417"]
[WhiteTeam "Amsterdam Mosquitos"]
[BlackTeam "Apeldoorn Apes"]
[WhiteFideId "1025007"]
[BlackFideId "1040634"]
[EventDate "2017.01.11"]

1. e4 c5 2. Nf3 d6 3. d4 cxd4 4. Qxd4 a6 5. h3 Nc6 6. Qe3 g6 7. c4 Bg7 8. Be2
Nf6 9. O-O O-O 10. Rd1 Nd7 11. Nc3 Nde5 12. Nxe5 Bxe5 13. b3 Qa5 14. Bb2 Be6 15.
f4 Bg7 16. Kh1 Rfd8 17. Rd2 Rac8 18. Rf1 b5 19. f5 Bd7 20. cxb5 axb5 21. Nd5
Bxb2 22. Rxb2 Re8 23. f6 Kh8 24. Qh6 Rg8 25. fxe7 Rg7 26. Nf6 Be8 27. Rc2 Qc7
28. Nxe8 Rxe8 29. Bxb5 1-0

[Event "PRO League Central 2017"]
[Site "chess.com INT"]
[Date "2017.01.18"]
[Round "2"]
[White "Svane, Rasmus"]
[Black "Maze, Sebastien"]
[Result "0-1"]
[WhiteTitle "GM"]
[BlackTitle "GM"]
[WhiteElo "2560"]
[BlackElo "2613"]
[WhiteTeam "Hamburg Swashbucklers"]
[BlackTeam "Dublin Desperados"]
[WhiteFideId "4657101"]
[BlackFideId "613762"]
[EventDate "2017.01.11"]

1. Nf3 Nf6 2. c4 g6 3. Nc3 Bg7 4. e4 O-O 5. d4 d6 6. Be2 Na6 7. O-O e5 8. Be3 c6
9. Qc2 Ng4 10. Bg5 Qe8 11. d5 f5 12. dxc6 bxc6 13. h3 Nh6 14. Rad1 Nf7 15. Bc1
Nc5 16. b4 Ne6 17. Bd3 f4 18. Na4 g5 19. c5 h5 20. Bb2 g4 21. hxg4 hxg4 22. Nh4
dxc5 23. Nxc5 Nfg5 24. Nf5 Qh5 25. Nxe6 Bxe6 26. Nxg7 Kxg7 27. Qc5 Nf7 28. f3 g3
29. Rfe1 a5 30. Ba3 axb4 31. Bxb4 Rh8 32. Kf1 Rxa2 33. Rd2 Rxd2 34. Bxd2 Qh1+
35. Qg1 Qxg1+ 36. Kxg1 Rd8 0-1

[Event "PRO League Central 2017"]
[Site "chess.com INT"]
[Date "2017.01.18"]
[Round "2"]
[White "Svane, Rasmus"]
[Black "Jessel, Stephen"]
[Result "1-0"]
[WhiteTitle "GM"]
[BlackTitle "FM"]
[WhiteElo "2560"]
[BlackElo "2382"]
[WhiteTeam "Hamburg Swashbucklers"]
[BlackTeam "Dublin Desperados"]
[WhiteFideId "4657101"]
[BlackFideId "628859"]
[EventDate "2017.01.11"]

1. d4 e6 2. c4 b6 3. e4 Bb7 4. Bd3 Bb4+ 5. Bd2 Bxd2+ 6. Qxd2 f5 7. Nc3 Nf6 8. f3
Nc6 9. exf5 Nxd4 10. Qe3 c5 11. Nge2 Nxe2 12. Qxe2 O-O 13. fxe6 Re8 14. O-O-O
Rxe6 15. Qd2 Bc6 16. Rhe1 Rxe1 17. Rxe1 Qf8 18. Ne4 Bxe4 19. Bxe4 Re8 20. Kc2
Kh8 21. Re2 Re5 22. Bd3 Qd6 23. f4 Rxe2 24. Bxe2 Qxd2+ 25. Kxd2 Kg8 26. g4 Kf8
27. g5 Ne8 28. Ke3 Ke7 29. Bd3 h6 30. Ke4 Nc7 31. h4 d6 32. f5 hxg5 33. hxg5 Kf7
34. Be2 Ke7 35. Bd1 Na6 36. a3 Nc7 37. Be2 Kf7 38. Kf4 Ke7 39. Bd3 Kf7 40. Be4
Ke7 41. Bc6 Kf7 42. Kg4 a6 43. a4 a5 44. Kh5 Na6 45. Bd5+ Kf8 46. Kg6 Nb4 47. f6
gxf6 48. Kxf6 Nxd5+ 49. cxd5 c4 50. Ke6 b5 51. axb5 a4 52. b6 c3 53. bxc3 a3 54.
b7 1-0

[Event "PRO League Central 2017"]
[Site "chess.com INT"]
[Date "2017.01.18"]
[Round "2"]
[White "Degraeve, Remy"]
[Black "Perez, Flavio"]
[Result "0-1"]
[WhiteElo "2019"]
[BlackElo "2304"]
[WhiteTeam "Marseille Migraines"]
[BlackTeam "Cannes Blockbusters"]
[WhiteFideId "26024560"]
[BlackFideId "623911"]
[EventDate "2017.01.11"]

1. e4 c5 2. Nc3 g6 3. f4 Bg7 4. Nf3 Nc6 5. Bc4 e6 6. f5 gxf5 7. exf5 d5 8. Bb5
e5 9. O-O e4 10. Ne1 Nf6 11. d3 O-O 12. Bxc6 bxc6 13. Bg5 Qb6 14. dxe4 Qxb2 15.
Na4 Qd4+ 16. Qxd4 cxd4 17. exd5 cxd5 18. Rd1 Ba6 19. Rf4 Ne4 20. Be7 Rfe8 21. f6
Bh6 22. Rg4+ Kh8 23. Nd3 Be3+ 24. Kf1 Nf2 25. Nc5 Bxd3+ 26. Rxd3 Nxg4 27. Nd7 h5
28. c3 dxc3 29. Rxc3 Rac8 30. Rd3 d4 31. Ra3 Nxh2+ 32. Ke2 Rc2+ 33. Kd3 Rec8 34.
Ra5 Ng4 35. Rxh5+ Nh6 36. Ne5 Kg8 37. Rh3 Rxg2 38. Nc4 Kh7 39. Bd6 Rg6 40. Be5
Rc6 41. Nd6 Rxd6 0-1

[Event "PRO League Central 2017"]
[Site "chess.com INT"]
[Date "2017.01.18"]
[Round "2"]
[White "Degraeve, Remy"]
[Black "Cornette, Matthieu"]
[Result "0-1"]
[BlackTitle "GM"]
[WhiteElo "2019"]
[BlackElo "2586"]
[WhiteTeam "Marseille Migraines"]
[BlackTeam "Cannes Blockbusters"]
[WhiteFideId "26024560"]
[BlackFideId "620084"]
[EventDate "2017.01.11"]

1. e4 e6 2. d4 d5 3. Nd2 a6 4. Ngf3 Nf6 5. e5 Nfd7 6. Bd3 c5 7. c3 Nc6 8. O-O g5
9. Nb3 h6 10. dxc5 Ndxe5 11. Nxe5 Nxe5 12. Re1 Bg7 13. Be3 Nc6 14. Nd4 e5 15.
Nxc6 bxc6 16. c4 d4 17. Be4 dxe3 18. Bxc6+ Bd7 19. Bxa8 Qxa8 20. Rxe3 Qc6 21.
Qd5 O-O 22. Rd1 Be8 23. Rb3 e4 24. Rb6 Qa4 25. c6 Qxa2 26. c7 Ba4 27. Rb8 Bxd1
28. Rxf8+ Bxf8 29. c8=Q Qb1 30. f3 e3 31. Qxf7+ Kxf7 32. Qd7+ Be7 33. Qd5+ Kf8
34. Qa8+ Kg7 0-1

[Event "PRO League Central 2017"]
[Site "chess.com INT"]
[Date "2017.01.18"]
[Round "2"]
[White "Kevlishvili, Robby"]
[Black "Spoelman, Wouter"]
[Result "0-1"]
[WhiteTitle "IM"]
[BlackTitle "GM"]
[WhiteElo "2417"]
[BlackElo "2584"]
[WhiteTeam "Apeldoorn Apes"]
[BlackTeam "Amsterdam Mosquitos"]
[WhiteFideId "1040634"]
[BlackFideId "1010891"]
[EventDate "2017.01.11"]

1. e4 c5 2. Nf3 e6 3. d4 cxd4 4. Nxd4 Nc6 5. Nc3 Qc7 6. f4 a6 7. Nxc6 Qxc6 8.
Bd3 b5 9. Qe2 Bb7 10. Bd2 b4 11. Nd5 a5 12. O-O-O Rc8 13. Kb1 Ne7 14. Nxe7 Bxe7
15. h4 O-O 16. h5 a4 17. g4 b3 18. cxb3 axb3 19. a3 Qa4 20. Rc1 d5 21. e5 Bxa3
22. Rxc8 Rxc8 23. bxa3 Qxa3 24. Bc1 Qa4 25. Qb2 Ba6 26. Rh3 Rxc1+ 27. Kxc1 Qxf4+
28. Kd1 Qxg4+ 29. Ke1 Qg1+ 30. Kd2 Qg2+ 31. Kc1 Qxh3 32. Bxa6 Qe3+ 33. Kd1 d4
34. Bf1 h6 35. Qe2 Qc3 36. Qc4 Qa1+ 37. Kd2 Qa5+ 38. Kd1 Qxe5 39. Qc8+ Kh7 40.
Bd3+ f5 41. Qc4 b2 42. Kc2 Qh2+ 43. Kb1 Qxh5 44. Kxb2 Qh2+ 45. Kb3 Qe5 46. Qc6
h5 47. Qf3 Kh6 48. Kc2 g5 49. Qa8 g4 50. Qf8+ Kg5 51. Qe7+ Kf4 52. Qh4 Qc5+ 53.
Kd1 Qc3 54. Qh2+ Kg5 55. Qe2 Qa1+ 56. Kd2 Qb2+ 57. Bc2 Qc3+ 58. Kd1 Kf6 59. Qb5
h4 60. Qe8 h3 61. Qh8+ Kg5 62. Qd8+ Kf4 63. Qd6+ e5 64. Qh6+ Kg3 65. Qf6 Qf3+
66. Kc1 Qf4+ 67. Kb2 h2 68. Qc6 e4 0-1

[Event "PRO League Central 2017"]
[Site "chess.com INT"]
[Date "2017.01.18"]
[Round "2"]
[White "Kevlishvili, Robby"]
[Black "Bitalzadeh, Ali"]
[Result "0-1"]
[WhiteTitle "IM"]
[BlackTitle "IM"]
[WhiteElo "2417"]
[BlackElo "2388"]
[WhiteTeam "Apeldoorn Apes"]
[BlackTeam "Amsterdam Mosquitos"]
[WhiteFideId "1040634"]
[BlackFideId "1010972"]
[EventDate "2017.01.11"]

1. e4 g6 2. d4 Bg7 3. Nc3 d6 4. Be3 c6 5. Qd2 b5 6. a3 Nd7 7. f4 Ngf6 8. h3 Nb6
9. Nf3 O-O 10. Bd3 Nc4 11. Bxc4 bxc4 12. O-O d5 13. e5 Ne4 14. Nxe4 dxe4 15. Nh2
Rb8 16. c3 Qd5 17. g4 f5 18. Qg2 Rb3 19. Rfd1 Be6 20. h4 fxg4 21. Nxg4 Bxg4 22.
Qxg4 Rxb2 23. h5 Qf7 24. Rd2 gxh5 25. Qg2 Rb3 26. Qxe4 Rxc3 27. Rg2 Qd5 28.
Qxd5+ cxd5 29. Bd2 Rd3 30. Rb1 c3 31. Bc1 Rxd4 32. Rb7 Rd1+ 33. Kh2 Kf7 34. Be3
Rc8 35. e6+ Kf6 36. f5 d4 37. Bf2 Bh6 38. Bh4+ Kxf5 39. Rb5+ Ke4 0-1

[Event "PRO League Central 2017"]
[Site "chess.com INT"]
[Date "2017.01.18"]
[Round "2"]
[White "Fontaine, Robert"]
[Black "Bacrot, Etienne"]
[Result "1-0"]
[WhiteTitle "GM"]
[BlackTitle "GM"]
[WhiteElo "2549"]
[BlackElo "2695"]
[WhiteTeam "Cannes Blockbusters"]
[BlackTeam "Marseille Migraines"]
[WhiteFideId "605590"]
[BlackFideId "605506"]
[EventDate "2017.01.11"]

1. e4 c5 2. Nf3 d6 3. Nc3 Nf6 4. d4 cxd4 5. Nxd4 a6 6. g3 g6 7. Bg2 Bg7 8. O-O
O-O 9. h3 Bd7 10. Be3 Nc6 11. Qd2 Rc8 12. Nxc6 Bxc6 13. a4 Nd7 14. Bh6 Bxh6 15.
Qxh6 Qb6 16. Qd2 a5 17. Rfd1 Ne5 18. b3 Qc5 19. Kh2 Rfe8 20. Rac1 Nd7 21. Qd4
Qxd4 22. Rxd4 Nc5 23. Re1 Kf8 24. h4 Red8 25. Nd5 Bxd5 26. exd5 Na6 27. c4 Nc5
28. Re3 Ra8 29. Be4 Re8 30. Bc2 Kg7 31. Kg2 Rad8 32. Kf3 e5 33. dxe6 Rxe6 34.
Rxe6 fxe6 35. Ke3 Kf6 36. Rf4+ Ke7 37. h5 g5 38. Rg4 h6 39. f4 gxf4+ 40. gxf4
Kf7 41. Rg6 Rg8 42. Rxh6 Rg3+ 43. Kf2 Rh3 44. Rh7+ Kg8 45. Bg6 Rxb3 46. Rc7 Rh3
47. Kg2 Rh4 48. Kg3 Rh1 49. Kg4 Rg1+ 50. Kh4 b6 51. f5 exf5 52. Bxf5 Rg7 53.
Rc8+ Kf7 54. h6 Rg1 55. h7 Rh1+ 56. Bh3 1-0

[Event "PRO League Central 2017"]
[Site "chess.com INT"]
[Date "2017.01.18"]
[Round "2"]
[White "Fontaine, Robert"]
[Black "Degraeve, Remy"]
[Result "1-0"]
[WhiteTitle "GM"]
[WhiteElo "2549"]
[BlackElo "2019"]
[WhiteTeam "Cannes Blockbusters"]
[BlackTeam "Marseille Migraines"]
[WhiteFideId "605590"]
[BlackFideId "26024560"]
[EventDate "2017.01.11"]

1. e4 e5 2. Nf3 Nc6 3. Bb5 Bc5 4. O-O Nd4 5. Nxd4 Bxd4 6. c3 Bb6 7. d4 c6 8. Bc4
d6 9. dxe5 dxe5 10. Qh5 Qe7 11. Bg5 Nf6 12. Qh4 Be6 13. Bb3 h6 14. Bxf6 Qxf6 15.
Qxf6 gxf6 16. Nd2 Ke7 17. Bxe6 Kxe6 18. Nf3 Rhd8 19. Rfd1 f5 20. exf5+ Kxf5 21.
Kf1 e4 22. Nh4+ Ke5 23. g3 Rxd1+ 24. Rxd1 Rd8 25. Rxd8 Bxd8 26. Ng2 Bg5 27. Ke2
f5 28. f4+ exf3+ 29. Kxf3 Bc1 30. Ne1 Bg5 31. Nd3+ Ke6 32. Nc5+ Kd5 33. Nxb7 Bc1
34. b3 Bd2 35. c4+ Kd4 36. Nd8 Kc5 37. Ke2 Bc1 38. Kd3 Kb4 39. Nxc6+ Ka3 40.
Nxa7 Kxa2 41. b4 Kb3 42. b5 f4 43. gxf4 Bxf4 44. h3 Kb4 45. Kd4 Ka5 46. c5 Bb8
47. Nc6+ 1-0

[Event "PRO League Central 2017"]
[Site "chess.com INT"]
[Date "2017.01.18"]
[Round "2"]
[White "Pruijssers, Roeland"]
[Black "Admiraal, Miguoel"]
[Result "1-0"]
[WhiteTitle "GM"]
[BlackTitle "IM"]
[WhiteElo "2502"]
[BlackElo "2441"]
[WhiteTeam "Apeldoorn Apes"]
[BlackTeam "Amsterdam Mosquitos"]
[WhiteFideId "1013068"]
[BlackFideId "1019716"]
[EventDate "2017.01.11"]

1. e4 c5 2. Nf3 d6 3. Bb5+ Bd7 4. Bxd7+ Nxd7 5. c4 Ngf6 6. Nc3 g6 7. O-O Bg7 8.
d4 cxd4 9. Nxd4 O-O 10. Be3 a6 11. f3 Rc8 12. Qe2 Ne5 13. b3 b5 14. cxb5 Rxc3
15. bxa6 d5 16. Nb5 Rc6 17. Bd4 Re6 18. Rfd1 Nc6 19. Rac1 Nxd4 20. Nxd4 Rb6 21.
Nc6 Qa8 22. exd5 Rxa6 23. Nxe7+ Kh8 24. Rc2 Qa7+ 25. Kh1 Nd7 26. d6 Qa8 27. Qb5
Ra7 28. Rc7 Nf6 29. a4 Ra5 30. Qb7 Qxb7 31. Rxb7 Rc5 32. b4 Rc4 33. a5 Rd8 34.
g3 Bf8 35. b5 Ne8 36. d7 Bxe7 37. dxe8=Q+ Rxe8 38. Re1 Rc5 39. a6 Kg7 40. a7 1-0

[Event "PRO League Central 2017"]
[Site "chess.com INT"]
[Date "2017.01.18"]
[Round "2"]
[White "Pruijssers, Roeland"]
[Black "Ducarmon, Quinten"]
[Result "1/2-1/2"]
[WhiteTitle "GM"]
[BlackTitle "IM"]
[WhiteElo "2502"]
[BlackElo "2468"]
[WhiteTeam "Apeldoorn Apes"]
[BlackTeam "Amsterdam Mosquitos"]
[WhiteFideId "1013068"]
[BlackFideId "1025007"]
[EventDate "2017.01.11"]

1. e4 c6 2. Nc3 d5 3. Qe2 dxe4 4. Nxe4 Bf5 5. d3 e6 6. g4 Bxe4 7. dxe4 Qb6 8. h4
Nd7 9. Rh3 Bd6 10. Rb3 Qc7 11. Bd2 Ne7 12. h5 Nc5 13. Rf3 Be5 14. O-O-O Rd8 15.
Ra3 O-O 16. Nf3 Bf4 17. e5 Bxd2+ 18. Rxd2 b5 19. Rxd8 Rxd8 20. Rc3 Qb6 21. Nd2
Nd5 22. Rf3 Nb4 23. a3 Nd5 24. c4 1/2-1/2

[Event "PRO League Central 2017"]
[Site "chess.com INT"]
[Date "2017.01.18"]
[Round "2"]
[White "Sorungbe, Ademola"]
[Black "Lapite, Oluwadurotimi"]
[Result "0-1"]
[WhiteTitle "CM"]
[WhiteElo "2234"]
[BlackElo "2067"]
[WhiteTeam "Abuja Rockstars"]
[BlackTeam "Lagos Leatherbacks"]
[WhiteFideId "8500223"]
[BlackFideId "8503648"]
[EventDate "2017.01.11"]

1. d4 Nf6 2. Nf3 d5 3. c4 e6 4. Nc3 Be7 5. Bg5 h6 6. Bh4 O-O 7. e3 Ne4 8. Bxe7
Qxe7 9. cxd5 Nxc3 10. bxc3 exd5 11. Bd3 Bg4 12. h3 Bh5 13. g4 Bg6 14. Bxg6 fxg6
15. Ne5 Nd7 16. Nxd7 Qxd7 17. O-O Rae8 18. Qd3 Qe6 19. Rae1 Rf3 20. Kg2 Ref8 21.
Qe2 Qe4 22. Kg1 h5 23. Rd1 Rxh3 24. f3 Rhxf3 25. Rxf3 Rxf3 26. Qg2 Qxe3+ 27. Kh1
Rh3+ 0-1

[Event "PRO League Central 2017"]
[Site "chess.com INT"]
[Date "2017.01.18"]
[Round "2"]
[White "Sorungbe, Ademola"]
[Black "Oragwu, Chukwunonso"]
[Result "1-0"]
[WhiteTitle "CM"]
[BlackTitle "CM"]
[WhiteElo "2234"]
[BlackElo "2155"]
[WhiteTeam "Abuja Rockstars"]
[BlackTeam "Lagos Leatherbacks"]
[WhiteFideId "8500223"]
[BlackFideId "8501254"]
[EventDate "2017.01.11"]

1. e4 d5 2. exd5 Qxd5 3. d4 Nf6 4. c4 Qd8 5. Nc3 c6 6. Nf3 Bg4 7. Be2 e6 8. h3
Bh5 9. O-O Be7 10. Be3 O-O 11. Qb3 Qc7 12. Rac1 Nbd7 13. Rfd1 a6 14. d5 e5 15.
dxc6 bxc6 16. Nh4 Bg6 17. Nxg6 hxg6 18. Bf3 Nc5 19. Qc2 a5 20. b3 Rad8 21. a3
Ne6 22. Qa2 Rb8 23. Na4 Rfd8 24. Rxd8+ Bxd8 25. Nc5 Qc8 26. Nxe6 Qxe6 27. Rd1
Bc7 28. Qc2 e4 29. Be2 Qe5 30. g3 Qe6 31. Bf1 Nd7 32. c5 Nf6 33. Qc4 Nd5 34. Re1
f5 35. Bg2 Qf7 36. Bg5 Be5 37. Bf1 Qb7 38. Rb1 Qc7 39. Kg2 Kh7 40. b4 e3 41.
Qh4+ Kg8 42. fxe3 Nc3 43. Bc4+ Nd5 44. b5 Qf7 45. a4 Bf6 46. Kf3 Bxg5 47. Qxg5
Qe6 48. Rc1 Re8 49. Kf2 Kf8 50. bxc6 Qxe3+ 51. Qxe3 Nxe3 52. Bb5 Nd5 53. Rd1 Nf6
54. c7 Ne4+ 55. Kg2 1-0

[Event "PRO League Central 2017"]
[Site "chess.com INT"]
[Date "2017.01.18"]
[Round "2"]
[White "Jessel, Stephen"]
[Black "Kollars, Dmitrij"]
[Result "1/2-1/2"]
[WhiteTitle "FM"]
[BlackTitle "IM"]
[WhiteElo "2382"]
[BlackElo "2500"]
[WhiteTeam "Dublin Desperados"]
[BlackTeam "Hamburg Swashbucklers"]
[WhiteFideId "628859"]
[BlackFideId "12909572"]
[EventDate "2017.01.11"]

1. Nf3 Nf6 2. c4 g6 3. b4 Bg7 4. Bb2 O-O 5. g3 d6 6. Bg2 e5 7. O-O a5 8. b5 Nbd7
9. d3 Nc5 10. Nc3 Re8 11. Nd2 Rb8 12. Ba3 b6 13. Bxc5 dxc5 14. Nde4 Nd7 15. Nd5
Bb7 16. Nec3 f5 17. Rc1 Kh8 18. e3 Nf8 19. Qd2 Qd6 20. Rce1 Ne6 21. f4 exf4 22.
gxf4 c6 23. bxc6 Bxc6 24. a4 Kg8 25. Rb1 Nc7 26. Nxc7 Qxc7 27. Bxc6 Qxc6 28. Nd5
Qxa4 29. Rb5 Qa3 30. Rfb1 a4 31. Kh1 Re6 32. Rc1 Rd8 33. Kg2 Red6 34. Rc2 Rxd5
35. cxd5 Rxd5 36. Ra2 Rxd3 37. Rxa3 Rxd2+ 38. Kg3 Rb2 39. Rxb2 Bxb2 40. Rxa4 Bc3
41. Ra7 b5 42. Rc7 c4 43. Rc5 Bd2 44. Kf3 c3 45. Ke2 b4 46. Rb5 Kg7 47. Rxb4 Kh6
48. Rb7 Bc1 49. Kd3 Bd2 50. h3 Be1 51. Ke2 Bd2 52. Rc7 g5 53. fxg5+ Kxg5 54.
Rxh7 f4 55. exf4+ Bxf4 56. Kd3 Be5 57. Re7 Bf6 58. Re4 Kf5 59. Rg4 Be5 60. Kc2
Bf6 61. Kd3 Be5 62. Rg2 Bf6 63. Kc2 Ke6 64. Kd3 Kf5 65. Rg1 Ke6 66. Rg2 Kf5 67.
Rg8 Kf4 68. Rf8 Kf5 69. h4 Kg6 70. h5+ Kg7 71. Rc8 Kh6 72. Rc5 Bg5 73. Kxc3 Kxh5
74. Kd4 Kg6 75. Ke4 Bh4 76. Kf4 Kf7 77. Kf5 Ke7 78. Ke5 Kd7 79. Kd5 Bg3 80. Rc3
Be1 81. Rc1 Bd2 82. Ra1 Kc7 83. Ra7+ Kb8 84. Rf7 Ka8 85. Kc6 Be3 86. Rf8+ Ka7
87. Rf7+ Kb8 88. Re7 Bg1 89. Re8+ Ka7 90. Rg8 Bf2 91. Rg7+ Kb8 92. Rb7+ Ka8 93.
Rb2 Be3 94. Re2 Bg1 95. Re7 Kb8 96. Rf7 Ka8 97. Rh7 Kb8 98. Kb5 Ka8 99. Kc6 Kb8
100. Rh1 Bf2 101. Rb1+ Ka8 102. Rb3 Bg1 103. Rb2 Be3 104. Rb4 Bf2 105. Rb3 Bg1
106. Kc7 Bh2+ 107. Kc8 Ka7 108. Kd7 Bf4 109. Kc6 Ka8 110. Rf3 Bb8 111. Rf7 Bg3
112. Kb6 Bh2 113. Rf8+ Bb8 114. Rf1 Bg3 115. Rf3 Bh2 116. Ra3+ Kb8 117. Rh3 Bg1+
118. Kc6 Ka8 119. Rh7 Bf2 120. Rf7 Bg1 121. Rf1 Be3 122. Rb1 Bf4 123. Ra1+ Kb8
124. Rb1+ Ka8 125. Rb4 Bg3 126. Rg4 Bf2 127. Rg2 Be3 128. Re2 Bg1 129. Re7 Bf2
130. Re2 Bg1 131. Rb2 Be3 132. Re2 Bg1 133. Kc7 Bd4 134. Re8+ Ka7 135. Re4 Bb6+
136. Kc6 Bg1 137. Ra4+ Kb8 138. Rg4 Bf2 139. Rg7 Ka8 140. Rf7 Bg1 141. Rf1 Be3
142. Rf8+ Ka7 143. Rf7+ Ka8 144. Rf8+ Ka7 145. Rf3 Bg1 146. Rf1 Bd4 147. Rd1 Bf2
148. Rd3 Ka8 1/2-1/2

[Event "PRO League Central 2017"]
[Site "chess.com INT"]
[Date "2017.01.18"]
[Round "2"]
[White "Jessel, Stephen"]
[Black "Lampert, Jonas"]
[Result "1/2-1/2"]
[WhiteTitle "FM"]
[BlackTitle "IM"]
[WhiteElo "2382"]
[BlackElo "2510"]
[WhiteTeam "Dublin Desperados"]
[BlackTeam "Hamburg Swashbucklers"]
[WhiteFideId "628859"]
[BlackFideId "1303759"]
[EventDate "2017.01.11"]

1. Nf3 d5 2. c4 d4 3. g3 Nc6 4. Bg2 e5 5. O-O Nf6 6. d3 Bd6 7. Na3 O-O 8. Rb1
Qe7 9. Nc2 a5 10. b3 h6 11. a3 Re8 12. Qd2 Bg4 13. b4 axb4 14. axb4 Bxf3 15.
exf3 Qd7 16. Re1 Ra2 17. Rb2 Rea8 18. b5 Nd8 19. f4 exf4 20. Nxd4 Rxb2 21. Bxb2
Ra2 22. Qc3 fxg3 23. hxg3 Bc5 24. Nf3 Ne6 25. d4 Bb6 26. Qb3 Ra8 27. c5 Ba5 28.
Ra1 Ra7 29. Ne5 Qd8 30. Ra4 Nd7 31. Nxd7 Qxd7 32. c6 bxc6 33. bxc6 Qd8 34. Bd5
Qf6 35. Bxe6 Qxe6 36. Qb8+ Kh7 37. Qxa7 Qe1+ 38. Kg2 Qe4+ 39. Kh2 Bb6 40. Qa6
Qc2 41. Kg2 Qxc6+ 42. d5 Qxd5+ 43. Kh2 Qh5+ 44. Rh4 Qf3 45. Qf1 Bxf2 46. Qg2 Qe2
47. Qe4+ Qxe4 48. Rxe4 g5 49. Kg2 Bc5 50. g4 Kg6 51. Re5 Bf8 52. Ra5 f6 53. Kf3
Be7 54. Ba3 c5 55. Bxc5 Bd8 56. Ra6 h5 57. gxh5+ Kxh5 58. Ke4 Kg4 59. Ra3 f5+
60. Ke3 Kg3 61. Ke2+ Kg2 62. Rd3 Bc7 63. Rd5 g4 64. Rxf5 g3 65. Rf6 Be5 66. Rg6
Bf4 67. Bd6 Bxd6 68. Rxd6 Kh1 69. Rh6+ Kg1 70. Kf3 g2 71. Rg6 Kh1 72. Rh6+ Kg1
73. Ra6 Kh1 74. Rh6+ Kg1 1/2-1/2

[Event "PRO League Central 2017"]
[Site "chess.com INT"]
[Date "2017.01.18"]
[Round "2"]
[White "Balogun, Oluwafemi"]
[Black "Makaj, Marko"]
[Result "1-0"]
[WhiteTitle "FM"]
[BlackTitle "FM"]
[WhiteElo "2222"]
[BlackElo "2332"]
[WhiteTeam "Lagos Leatherbacks"]
[BlackTeam "Abuja RockStars"]
[WhiteFideId "8501246"]
[BlackFideId "14508141"]
[EventDate "2017.01.11"]

1. Nf3 d5 2. g3 Nf6 3. Bg2 Bf5 4. O-O e6 5. d3 Be7 6. Nbd2 O-O 7. b3 c5 8. Ne5
Qc7 9. Bb2 Nbd7 10. Nxd7 Qxd7 11. e4 Bg6 12. a4 dxe4 13. Nxe4 Nxe4 14. dxe4 Rfd8
15. Bc3 b6 16. Qe2 Qc7 17. h4 h6 18. a5 Rac8 19. axb6 axb6 20. h5 Bh7 21. Qb5 c4
22. b4 Bf6 23. e5 Bg5 24. f4 Be7 25. Ra2 Bf5 26. Rfa1 Bf8 27. Bf3 g5 28. Ra7 Qb8
29. Rb7 1-0

[Event "PRO League Central 2017"]
[Site "chess.com INT"]
[Date "2017.01.18"]
[Round "2"]
[White "Hawkins, Jonathan"]
[Black "Fernandez, Daniel Howard"]
[Result "1-0"]
[WhiteTitle "GM"]
[BlackTitle "IM"]
[WhiteElo "2583"]
[BlackElo "2473"]
[WhiteTeam "London Towers"]
[BlackTeam "London Lions"]
[WhiteFideId "412686"]
[BlackFideId "5801605"]
[EventDate "2017.01.11"]

1. d4 Nf6 2. c4 g6 3. Nc3 d5 4. Nf3 Bg7 5. Qb3 dxc4 6. Qxc4 O-O 7. e4 c6 8. Be2
b5 9. Qb3 a5 10. Qc2 a4 11. O-O Na6 12. h3 Nd7 13. Rd1 Nb6 14. Bf4 Be6 15. Rac1
Bc4 16. Ne5 Bxe5 17. Bxe5 f6 18. Bg3 Qe8 19. Bxc4+ Nxc4 20. d5 a3 21. bxa3 Nc5
22. dxc6 Qxc6 23. Nxb5 Qxb5 24. Qxc4+ Qxc4 25. Rxc4 Ne6 26. Rd7 Rfe8 27. a4 Ra6
28. e5 f5 29. f4 Kf7 30. Bh4 h6 31. g4 fxg4 32. hxg4 g5 33. fxg5 hxg5 34. Be1
Nf4 35. a5 Rb8 36. Bb4 Ke6 37. Rd2 Rb5 38. a3 Rxe5 39. Rh2 Kf7 40. Rh8 Re2 41.
Kf1 Ra2 42. Rh7+ Kg6 43. Rxe7 Nd5 44. Re2 Ra1+ 45. Kf2 Rf6+ 46. Kg3 Rg1+ 47. Kh2
Rff1 48. Rf2 Rh1+ 49. Kg3 Rhg1+ 50. Kf3 Rb1 51. Rc6+ Kg7 52. Bd6 Rb3+ 53. Ke2
Nf4+ 54. Bxf4 gxf4 55. Rxf4 Rxa3 56. Rb4 Ra2+ 57. Kd3 Ra3+ 58. Kc2 Rg2+ 59. Kb1
Kf8 60. Rb7 Re2 61. a6 Re8 62. a7 Ra4 63. g5 Ra5 64. g6 Rae5 65. g7+ Kg8 66. Rh6
Re1+ 67. Kc2 R1e2+ 68. Kd3 R8e3+ 69. Kd4 Re4+ 70. Kd5 Re5+ 71. Kd6 Rd2+ 72. Kc7
Rc5+ 73. Rc6 Ra5 74. Kb8 Rd8+ 75. Rc8 Rxc8+ 76. Kxc8 Re5 77. Kd7 Rd5+ 78. Kc6
Ra5 79. Rb8+ Kh7 80. g8=Q+ 1-0

[Event "PRO League Central 2017"]
[Site "chess.com INT"]
[Date "2017.01.18"]
[Round "2"]
[White "Hawkins, Jonathan"]
[Black "Adair, James R"]
[Result "1-0"]
[WhiteTitle "GM"]
[BlackTitle "IM"]
[WhiteElo "2583"]
[BlackElo "2480"]
[WhiteTeam "London Towers"]
[BlackTeam "London Lions"]
[WhiteFideId "412686"]
[BlackFideId "406252"]
[EventDate "2017.01.11"]

1. d4 Nf6 2. c4 e6 3. Nc3 Bb4 4. Qc2 O-O 5. Nf3 c5 6. dxc5 Na6 7. g3 Nxc5 8. Bg2
Nce4 9. O-O Nxc3 10. bxc3 Be7 11. e4 d6 12. e5 dxe5 13. Nxe5 Qc7 14. Qe2 Nd7 15.
Bf4 Nxe5 16. Bxe5 Bd6 17. Rfe1 Rb8 18. Rad1 Bxe5 19. Qxe5 Qxe5 20. Rxe5 b6 21.
c5 f6 22. cxb6 axb6 23. Re2 Kf7 24. Rb2 e5 25. Bd5+ Ke7 26. f4 exf4 27. Re2+ Kd6
28. gxf4 Kc5 29. Re7 Bg4 30. Rd4 Rbc8 31. Rxg7 Rfd8 32. Bb3 Bf5 33. Rc4+ Kd6 34.
Rxc8 Rxc8 35. Rf7 Bg6 36. Rxf6+ Ke7 37. Rxb6 Rxc3 38. Kf2 Rh3 39. Kg2 Rc3 40. a4
Be4+ 41. Kg1 Kd7 42. a5 Rf3 43. Rb4 Rxf4 44. h3 Kd6 45. Bc2 Rf5 46. Bxe4 Rxa5
47. Rb6+ Kc5 48. Rh6 Kd4 49. Bxh7 Ke5 50. Rh5+ 1-0